000 00767nam a2200277 u 4500
003 UPN
005 20240322133458.0
008 191104t2002 sp a ar 000 1 spa d
020 _a8426347398
020 _a9788426347398
035 _aUPN01000233845
040 _aMX-MxUPN
_bspa
_cMX-MxUPN
041 _aspa
050 4 _aPN1525
_bF544 2002
100 1 _aFiguerola, Mercedes
_942895
245 1 0 _aSal, caracol
260 _aEspaña :
_bEdelvives,
_c©2002.
300 _a[10] páginas :
_bilustraciones
490 0 _aDeditos ;
_v8
650 4 _910247
_aRimas infantiles
700 1 _943135
_aAlonso Díaz-Toledo, Juan Ramón,
_d1951-
_eilustración
902 _bMaríaRobles/220324
905 _aInfantil
942 _n0
_cLIBRO
_2lcc
999 _c205940
_d205940